000
00256nam a2200097Ia 4500
082
_a
615.532 BLOC
245
0
_a
Homoeopathy for the home
100
_a
BLOCH, Ruth Cape Town, 2003
_9
55199
942
_c
BK
008
210817s9999 xx 000 0 und d
999
_c
173783
_d
173782